A Methodology For Detection And Localization Of Dynamite Fishing (Record no. 233619)

MARC details
000 -LEADER
fixed length control field 00935nam a2200145Ia 4500
008 - FIXED-LENGTH DATA ELEMENTS--GENERAL INFORMATION
fixed length control field 231221s9999 xx 000 0 und d
041 ## - LANGUAGE CODE
Language code of text/sound track or separate title English
082 ## - DEWEY DECIMAL CLASSIFICATION NUMBER
Classification number CPEC15-1094
100 ## - MAIN ENTRY--PERSONAL NAME
Personal name Skanda Bhardwaj. Sumukha, B N. Kumar, R C. Simha, S.
245 #2 - TITLE STATEMENT
Title A Methodology For Detection And Localization Of Dynamite Fishing
260 ## - PUBLICATION, DISTRIBUTION, ETC.
Date of publication, distribution, etc. 2015
500 ## - GENERAL NOTE
General note A Methodology For Detection And Localization Of Dynamite Fishing Skanda Bhardwaj1, B.N. Sumukha1, R.C. Kumar1, S. Simha2, H.S. Jamadagni2 and Koshy George1 1Dept. of Telecommunication Engineering, PES Institute of Technology (now PES University), Bangalore. 2Dept. of Electronic System Engineering, Indian Institute of Science, Bangalore Proceedings of the 12th IEEE India International Conference (INDICON 2015), New Delhi, India
650 ## - SUBJECT ADDED ENTRY--TOPICAL TERM
Topical term or geographic name entry element Methodology,Detection,Localization,Dynamite,Fishing
942 ## - ADDED ENTRY ELEMENTS (KOHA)
Koha item type Institutional repository
Holdings
Date last seen Total checkouts Full call number Accession number Price effective from Category Lost status Damaged status Department Withdrawn status Home library Current library Shelving location Entry date Grants Currency symbol Conversion rate Discount Old discount
26/01/2024   CPEC15-1094 IR1094 26/01/2024 Institutional repository     EC   Central Library Central Library Central Library   EC RS 1    

© For any Suggestions or Query, please contact the library staff @ librarian@pes.edu or Phone: +9180 2672 1983/ 2108.